000 00974nam a22002417a 4500
001 79358)
003 BD-RjUL
005 20220613163531.0
008 220210s2008eng |||a|||| m||| 00| 0 eng d
035 _a(BD-RjUL)79358)
040 _aBD-RjUL
_beng
_cBD-RjUL
_dBD-RjUL
041 _aeng
082 _a305.235
_bKAY 2008
_223
100 _aKabir, Md. Moksudul
_91263
245 1 0 _aYouths and their capacity building in gender perspective :
_bStudy of an Upazila in Northern Bangladesh /
_cBy Md. Moksudul Kabir ;
_6Supervisor : M. Mostafa Kamal
260 _aRajshahi :
_bInstitute of Bangladesh Studies, University Of Rajshahi,
_c2008
300 _axx, 239 leaves :
_bill, ;
_c29 cm.
502 _aThesis (Ph. D.) -- Institute of Bangladesh Studies, University Of Rajshahi, 2008
504 _aReference : Leaves [216] - 220
650 _aYouth
_zBangladesh
_zJoypurhat District
_zKhetlal Upazila
_93583
700 _aKamal, M. Mostafa, Supervisor
_91265
942 _2ddc
_cTHE
999 _c79358
_d79358